[Event "Imperia Corallo op-C 1st"]
[Site "Imperia"]
[Date "2006.11.26"]
[Round "5.7"]
[White "Garibaldi, Gianluca"]
[Black "Sowe, Sara"]
[Result "0-1"]
[WhiteElo "1359"]
[BlackElo "1419"]
[PlyCount "35"]
[EventDate "2006.11.24"]
[EventType "swiss"]
[EventRounds "5"]
[EventCountry "ITA"]
[SourceTitle "EXT 2024"]
[Source "ChessBase"]
[SourceDate "2023.10.10"]
[SourceVersion "1"]
[SourceVersionDate "2023.10.10"]
[SourceQuality "1"]

1. d4 e5 2. Be3 Bb4+ 3. Nd2 Nf6 4. a4 Nh5 5. d5 c6 6. d6 Bxd6 7. Bb6 axb6 8. a5 bxa5 9. Rxa5 Rxa5 10. b4 Bxb4 11. g4 Nf6 12. Nh3 Ke7 13. Qb1 b6 14. Qxb4+ Ke8 15. Qxb6 Qxb6 16. Bg2 Ra1+ 17. Nb1 Qa5+ 18. Kf1 0-1

[Event "Imperia Corallo op-C 1st"]
[Site "Imperia"]
[Date "2006.11.26"]
[Round "4.5"]
[White "Sowe, Sara"]
[Black "Faggionato, Gualtiero"]
[Result "0-1"]
[WhiteElo "1419"]
[BlackElo "1371"]
[PlyCount "70"]
[EventDate "2006.11.24"]
[EventType "swiss"]
[EventRounds "5"]
[EventCountry "ITA"]
[SourceTitle "EXT 2024"]
[Source "ChessBase"]
[SourceDate "2023.10.10"]
[SourceVersion "1"]
[SourceVersionDate "2023.10.10"]
[SourceQuality "1"]

1. e4 e5 2. Nf3 Nc6 3. Nc3 Bc5 4. Bc4 Nf6 5. 0-0 0-0 6. d3 Nh5 7. Bg5 Qe8 8. Be3 Bxe3 9. fxe3 Qe7 10. Ne1 Qg5 11. Nf3 Qg6 12. b3 Re8 13. Nh4 Qg5 14. Nf3 Qxe3+ 15. Rf2 d6 16. Ne1 Be6 17. Qd2 Qh6 18. Qd1 Bxc4 19. bxc4 Qg5 20. Nf3 Qh6 21. Nh4 Re6 22. Qf1 Rf6 23. Rf3 Qg5 24. Qf2 Qg4 25. Rf1 g5 26. Qe3 gxh4 27. g3 hxg3 28. hxg3 Rg6 29. Rxf7 Nxg3 30. Rf8+ Rxf8 31. Rxf8+ Kxf8 32. Qf2+ Kg7 33. Nd5 Ne2+ 34. Kh2 Rh6+ 35. Qh4 Rxh4# 0-1